[Event "29.Schlosspark-Open"]
[Site "Wiesbaden-Biebrich"]
[Date "2017.08.26"]
[Round "5.1"]
[White "Khenkin, Igor"]
[Black "Stork, Oliver"]
[Result "1/2-1/2"]
[WhiteElo "2565"]
[BlackElo "2093"]
[PlyCount "85"]
[EventDate "2017.??.??"]
[WhiteTeam "SC Heusenstamm"]
[BlackTeam "SV Oberursel"]

1. d4 d5 2. c4 e6 3. Nf3 Nf6 4. e3 Be7 5. b3 O-O 6. Bd3 c5 7. Bb2 Nc6 8. Nbd2
b6 9. O-O Bb7 10. Rc1 Rc8 11. Qe2 Qc7 12. dxc5 bxc5 13. Bxf6 Bxf6 14. cxd5 exd5
15. Rxc5 Qd6 16. Rfc1 Bb2 17. R1c2 Ba3 18. Rb5 Ba6 19. Rxd5 Qxd5 20. Bxa6 Rcd8
21. Bb7 Nd4 22. Bxd5 Nxe2+ 23. Kf1 Rxd5 24. Kxe2 Rfd8 25. Rc7 R5d7 26. Rxd7
Rxd7 27. Nc4 Bb4 28. Nfe5 Rc7 29. Nd3 a5 30. a4 Rb7 31. g4 Bc3 32. Nc5 Rc7 33.
Ne4 Bb4 34. f4 Rc6 35. g5 Kf8 36. h4 h5 37. f5 g6 38. Nf6 Rc7 39. e4 Rb7 40.
Nd5 gxf5 41. exf5 Rd7 42. Nf4 Rd4 43. Ke3 1/2-1/2

[Event "29.Schlosspark-Open"]
[Site "Wiesbaden-Biebrich"]
[Date "2017.08.26"]
[Round "5.2"]
[White "Muckle, Julius"]
[Black "Pap, Misa"]
[Result "0-1"]
[WhiteElo "2309"]
[BlackElo "2491"]
[PlyCount "190"]
[EventDate "2017.??.??"]
[WhiteTeam "SK Ludwigshafen"]
[BlackTeam "SC Hansa Dortmund"]

1. d4 Nf6 2. c4 e6 3. Nc3 Bb4 4. e3 c5 5. Bd3 Bxc3+ 6. bxc3 d6 7. Ne2 Nc6 8.
O-O e5 9. d5 Ne7 10. Ng3 h5 11. e4 h4 12. Nf5 Nxf5 13. exf5 e4 14. Re1 Kf8 15.
Bxe4 Nxe4 16. Rxe4 Bxf5 17. Re1 Qd7 18. Bf4 h3 19. g3 f6 20. f3 g5 21. Be3 Kf7
22. g4 Bg6 23. Bf2 Rae8 24. Bg3 Rxe1+ 25. Qxe1 Re8 26. Qf1 Re3 27. Qxh3 Rxf3
28. Re1 Kg7 29. Qg2 Qxg4 30. Bxd6 Qxg2+ 31. Kxg2 Rxc3 32. Re7+ Kh6 33. Rxb7
Rxc4 34. Rxa7 Be4+ 35. Kf2 Rc2+ 36. Ke3 Bxd5 37. Ra5 Bxa2 38. Rxc5 Rb2 39. Ra5
Bc4 40. Ra8 Re2+ 41. Kd4 Rd2+ 42. Kc5 Rd5+ 43. Kc6 Rd2 44. Rd8 Rc2 45. Kc5 f5
46. Kd4 f4 47. h4 f3 48. hxg5+ Kg6 49. Rf8 Bf7 50. Bg3 Rg2 51. Bh4 Rg4+ 52. Ke3
Rxh4 53. Kxf3 Bd5+ 54. Ke3 Kxg5 55. Kd3 Be6 56. Rf2 Bf5+ 57. Kc3 Kf6 58. Re2
Be4 59. Rf2+ Ke5 60. Rf8 Rh3+ 61. Kd2 Kd4 62. Rd8+ Bd5 63. Re8 Rd3+ 64. Ke2 Ra3
65. Kf2 Rf3+ 66. Ke2 Rf6 67. Kd2 Rf7 68. Re2 Be4 69. Ke1 Bd3 70. Rh2 Ra7 71.
Rh4+ Be4 72. Kf2 Ra2+ 73. Kg3 Ke3 74. Kg4 Rg2+ 75. Kh5 Kf3 76. Rh1 Kf4 77. Rf1+
Ke5 78. Kh4 Bf5 79. Re1+ Kf6 80. Ra1 Rg4+ 81. Kh5 Rb4 82. Rf1 Rb2 83. Rf4 Rh2+
84. Rh4 Rg2 85. Rb4 Rg3 86. Ra4 Bd7 87. Rf4+ Ke5 88. Rc4 Be6 89. Ra4 Bf5 90.
Ra5+ Kf4 91. Ra4+ Be4 92. Kh6 Rg6+ 93. Kh5 Rb6 94. Ra1 Rb2 95. Kh6 Rb7 0-1

[Event "29.Schlosspark-Open"]
[Site "Wiesbaden-Biebrich"]
[Date "2017.08.26"]
[Round "5.3"]
[White "Milov, Leonid"]
[Black "Donchenko, Anatoly"]
[Result "1-0"]
[WhiteElo "2444"]
[BlackElo "2291"]
[PlyCount "123"]
[EventDate "2017.??.??"]
[WhiteTeam "SC Noris-Tarrasch NÃ¼rnberg"]
[BlackTeam "SK GieÃŸen"]

1. e4 e5 2. Nf3 Nf6 3. d4 exd4 4. e5 Ne4 5. Qxd4 d5 6. exd6 Nxd6 7. Nc3 Nc6 8.
Qf4 Be7 9. Bd2 Be6 10. a3 h6 11. h4 Qd7 12. Bd3 Bf5 13. Bxf5 Qxf5 14. O-O-O
O-O-O 15. h5 Bf6 16. Qxf5+ Nxf5 17. Ne4 Be5 18. Rde1 f6 19. g4 Nd6 20. Nxd6+
Bxd6 21. Nh4 Rhe8 22. Nf5 Bf8 23. Bc3 Ne7 24. Nh4 Nd5 25. Bd2 b5 26. Nf5 Ne7
27. Ne3 Nc6 28. Bc3 a6 29. Nf5 Ne7 30. Nd4 Nd5 31. Bd2 Rxe1+ 32. Rxe1 Kd7 33.
Nf5 Ne7 34. Nh4 Nd5 35. Re4 Re8 36. Rxe8 Kxe8 37. Kd1 Kd7 38. Ke2 Ke6 39. Kd3
Bc5 40. Nf5 Kf7 41. Ke4 Nb6 42. Be3 Bxe3 43. Nxe3 g6 44. hxg6+ Kxg6 45. b3 c5
46. f4 a5 47. Nf5 a4 48. bxa4 Nxa4 49. Nh4+ Kf7 50. Kd5 b4 51. axb4 cxb4 52.
Kc4 Nc3 53. f5 Ne4 54. Ng2 h5 55. gxh5 Nd6+ 56. Kxb4 Nxf5 57. c4 Kg7 58. c5 Kh6
59. Nf4 Kg5 60. c6 Ne7 61. c7 f5 62. Kc5 1-0

[Event "29.Schlosspark-Open"]
[Site "Wiesbaden-Biebrich"]
[Date "2017.08.26"]
[Round "5.4"]
[White "Minor, Samuel"]
[Black "Gutman, Lev"]
[Result "1/2-1/2"]
[WhiteElo "2244"]
[BlackElo "2410"]
[PlyCount "60"]
[EventDate "2017.??.??"]
[WhiteTeam "Wiesbadener SV"]
[BlackTeam "SV Lingen"]

1. e4 c5 2. Nf3 d6 3. d4 cxd4 4. Nxd4 Nf6 5. Nc3 a6 6. Be3 e6 7. f3 Qc7 8. Qd2
Nc6 9. O-O-O Bd7 10. Kb1 Nxd4 11. Bxd4 b5 12. g4 Bc6 13. Bd3 b4 14. Ne2 Rb8 15.
Bxf6 gxf6 16. Ng3 Rg8 17. Nh5 Rg6 18. Rhg1 Bb5 19. h4 Qc5 20. f4 Bxd3 21. Qxd3
Rc8 22. f5 Rh6 23. Nxf6+ Kd8 24. Rh1 Be7 25. g5 Bxf6 26. Qxd6+ Qxd6 27. Rxd6+
Ke7 28. Rhd1 Rxh4 29. Rd7+ Ke8 30. gxf6 Rxe4 1/2-1/2

[Event "29.Schlosspark-Open"]
[Site "Wiesbaden-Biebrich"]
[Date "2017.08.26"]
[Round "5.5"]
[White "Brendel, Oliver"]
[Black "Haag, Martin"]
[Result "1-0"]
[WhiteElo "2329"]
[BlackElo "2263"]
[PlyCount "145"]
[EventDate "2017.??.??"]
[WhiteTeam "SV Hofheim"]
[BlackTeam "SC Bonn Beuel"]

1. c4 c5 2. g3 Nf6 3. Bg2 e6 4. Nf3 d5 5. O-O Be7 6. b3 O-O 7. Bb2 b6 8. e3 Bb7
9. Nc3 Qc8 10. Qe2 Rd8 11. Rfd1 dxc4 12. bxc4 Nc6 13. Rac1 Na5 14. d3 Ne8 15.
h4 Nd6 16. g4 f5 17. g5 Nf7 18. Ba1 Bf8 19. h5 Nd6 20. Ne5 Bxg2 21. Kxg2 Qb7+
22. Qf3 Nf7 23. Qxb7 Nxb7 24. Nxf7 Kxf7 25. f4 Rac8 26. Kf3 Rd7 27. a4 Na5 28.
Ke2 Rcd8 29. Nb5 a6 30. Na3 Bd6 31. Rb1 Bc7 32. g6+ hxg6 33. hxg6+ Kxg6 34. Rh1
Rg8 35. Rbg1+ Kf7 36. Rh7 Kf8 37. Rg6 Kf7 38. Rgxg7+ Rxg7 39. Rxg7+ Ke8 40. Rg6
Kf7 41. Rg7+ Ke8 42. Rg8+ Ke7 43. Ra8 Nc6 44. Rxa6 Rxd3 45. Nb5 Rd7 46. Nxc7
Rxc7 47. Rxb6 Kd7 48. Rb5 Ra7 49. Rxc5 Rxa4 50. Be5 Ra5 51. Rb5 Ra2+ 52. Kd3
Ra3+ 53. Bc3 Kd6 54. Kc2 Ra2+ 55. Kd3 Ra3 56. Kc2 Ra2+ 57. Bb2 Ra8 58. Be5+
Nxe5 59. fxe5+ Kc6 60. Kc3 Ra1 61. Rb8 Rc1+ 62. Kd3 Kc5 63. Rc8+ Kb6 64. Rb8+
Kc5 65. Rc8+ Kb4 66. Rc6 Rd1+ 67. Ke2 Ra1 68. Kf3 Rf1+ 69. Kg3 Rg1+ 70. Kf2 Rg4
71. Rxe6 Kxc4 72. Rd6 Re4 73. Rd4+ 1-0

[Event "29.Schlosspark-Open"]
[Site "Wiesbaden-Biebrich"]
[Date "2017.08.26"]
[Round "5.6"]
[White "Dereviagin, Vladislav"]
[Black "Pohle, Dirk"]
[Result "1-0"]
[WhiteElo "2320"]
[BlackElo "2180"]
[PlyCount "65"]
[EventDate "2017.??.??"]
[WhiteTeam "vereinslos"]
[BlackTeam "SC Solingen 28"]

1. d4 Nf6 2. c4 e6 3. Nc3 Bb4 4. e3 Nc6 5. Bd3 e5 6. d5 Ne7 7. Nge2 O-O 8. a3
Bxc3+ 9. Nxc3 d6 10. O-O c6 11. e4 Ng6 12. Re1 a5 13. Rb1 Bg4 14. f3 Bd7 15. b4
Qc8 16. dxc6 bxc6 17. Bf1 axb4 18. axb4 Be6 19. Bg5 Ra6 20. Qc1 Qa8 21. Rd1 Rd8
22. c5 Ra7 23. cxd6 Rad7 24. b5 Rxd6 25. b6 Rxd1 26. Nxd1 Rb8 27. Ra1 Qb7 28.
Be3 c5 29. Qxc5 Nd7 30. Qc7 Nxb6 31. Qxb7 Rxb7 32. Rb1 Nf8 33. Rxb6 1-0

[Event "29.Schlosspark-Open"]
[Site "Wiesbaden-Biebrich"]
[Date "2017.08.26"]
[Round "5.7"]
[White "Nagel, Bernhard"]
[Black "Boidman, Yuri"]
[Result "1/2-1/2"]
[WhiteElo "2212"]
[BlackElo "2319"]
[PlyCount "80"]
[EventDate "2017.??.??"]
[WhiteTeam "Kölner SK Dr. Lasker"]
[BlackTeam "SC Heimbach-Weis"]

1. c4 c6 2. Nf3 d5 3. e3 Nf6 4. Nc3 e6 5. b3 Nbd7 6. Bb2 Bd6 7. Rg1 dxc4 8.
Bxc4 b5 9. Be2 b4 10. Na4 e5 11. d4 Qe7 12. Rc1 O-O 13. g3 Bb7 14. Nc5 Bc8 15.
dxe5 Nxe5 16. Nxe5 Bxe5 17. Bxe5 Qxe5 18. Nd3 Qe7 19. Qc2 Bd7 20. Qc5 Qxc5 21.
Nxc5 Rfd8 22. e4 Kf8 23. f3 a5 24. Kf2 Be8 25. Rgd1 Rxd1 26. Rxd1 Ke7 27. Bc4
Ra7 28. Ke3 Nd7 29. Nxd7 Bxd7 30. Kd4 Bg4 31. fxg4 Rd7+ 32. Bd5 cxd5 33. exd5
Rc7 34. Rd2 Rc1 35. g5 Kd6 36. Rf2 Rd1+ 37. Kc4 Rxd5 38. Rxf7 Rxg5 39. Ra7 Rc5+
40. Kd3 Rg5 1/2-1/2

[Event "29.Schlosspark-Open"]
[Site "Wiesbaden-Biebrich"]
[Date "2017.08.26"]
[Round "5.8"]
[White "Spitzl, Vinzent"]
[Black "Müller, Philipp"]
[Result "1/2-1/2"]
[WhiteElo "2310"]
[BlackElo "2223"]
[PlyCount "68"]
[EventDate "2017.??.??"]
[WhiteTeam "SV Griesheim"]
[BlackTeam "SK Rochade Augsburg"]

1. e4 c6 2. d4 d5 3. Nd2 dxe4 4. Nxe4 Nd7 5. c3 Ngf6 6. Nxf6+ Nxf6 7. Bd3 Qd5
8. Qf3 Bg4 9. Qxd5 cxd5 10. Ne2 Bd7 11. O-O e6 12. a4 Bd6 13. Bf4 Bxf4 14. Nxf4
Ke7 15. Rfe1 Rhb8 16. a5 b5 17. b4 Rc8 18. Ne2 g5 19. f3 h6 20. Kf2 Ne8 21. Ke3
f6 22. Kd2 Kf7 23. Nc1 Nd6 24. g3 Re8 25. f4 gxf4 26. gxf4 Rg8 27. Nb3 Rg2+ 28.
Re2 Rxe2+ 29. Kxe2 Rg8 30. Kf3 f5 31. Be2 Be8 32. Nc5 Ne4 33. Ke3 Kf6 34. Bf3
Rg7 1/2-1/2

[Event "29.Schlosspark-Open"]
[Site "Wiesbaden-Biebrich"]
[Date "2017.08.26"]
[Round "5.9"]
[White "Ehmann, Thilo"]
[Black "Neurohr, Jürgen"]
[Result "1-0"]
[WhiteElo "2294"]
[BlackElo "2073"]
[PlyCount "61"]
[EventDate "2017.??.??"]
[WhiteTeam "SF Sasbach"]
[BlackTeam "SF Mainz"]

1. e4 e5 2. Nf3 Nc6 3. Bc4 Nf6 4. d4 exd4 5. e5 d5 6. Bb5 Ne4 7. Nxd4 Bd7 8.
Bxc6 bxc6 9. O-O Be7 10. f3 Nc5 11. Be3 O-O 12. f4 Re8 13. Nd2 Na4 14. b3 c5
15. bxa4 cxd4 16. Bxd4 c5 17. Bf2 Bxa4 18. Nb3 d4 19. Qf3 Rc8 20. f5 Bh4 21. f6
Bxf2+ 22. Rxf2 gxf6 23. exf6 Kh8 24. Qh5 Qd6 25. Qxf7 Rc7 26. Qc4 Bxb3 27. axb3
Rf8 28. Re1 Rxf6 29. Re8+ Kg7 30. Qg8+ Kh6 31. Rxf6+ 1-0

[Event "29.Schlosspark-Open"]
[Site "Wiesbaden-Biebrich"]
[Date "2017.08.26"]
[Round "5.10"]
[White "Kregelin, Jan"]
[Black "Kiefer, Daniel"]
[Result "1/2-1/2"]
[WhiteElo "2112"]
[BlackElo "2219"]
[PlyCount "64"]
[EventDate "2017.??.??"]
[WhiteTeam "FVS ASP Hoyerswerda"]
[BlackTeam "SF Mainz"]

1. d4 d5 2. c4 e6 3. Nc3 c6 4. e3 Nf6 5. Nf3 Nbd7 6. Qc2 Bd6 7. Be2 O-O 8. O-O
dxc4 9. Bxc4 b5 10. Be2 Bb7 11. Ne4 Nxe4 12. Qxe4 Re8 13. Rd1 Qb6 14. Qh4 c5
15. dxc5 Nxc5 16. b4 Ne4 17. Bb2 Be7 18. Qh5 Bd5 19. Ne5 f6 20. Qf7+ Kh8 21.
Rxd5 exd5 22. Qxd5 fxe5 23. Qxe4 Bf6 24. Bd3 g6 25. h4 Qd6 26. Bxb5 Red8 27.
Bc6 Rac8 28. b5 Qe6 29. f4 Qf5 30. Bxe5 Bxe5 31. Qxe5+ Qxe5 32. fxe5 Rd3
1/2-1/2

[Event "29.Schlosspark-Open"]
[Site "Wiesbaden-Biebrich"]
[Date "2017.08.26"]
[Round "5.11"]
[White "Jahnel, GÃ¼nther"]
[Black "Held, Carsten"]
[Result "1-0"]
[WhiteElo "2222"]
[BlackElo "2063"]
[PlyCount "83"]
[EventDate "2017.??.??"]
[WhiteTeam "FVS ASP Hoyerswerda"]
[BlackTeam "SC Ladja RoÃŸdorf"]

1. d4 Nf6 2. c4 c5 3. d5 b5 4. cxb5 a6 5. b6 d6 6. Nc3 Nbd7 7. Nf3 g6 8. e4 Bg7
9. Be2 Nxb6 10. h3 O-O 11. a4 Ne8 12. O-O Nc7 13. Bg5 a5 14. Qc1 Ba6 15. Re1
Re8 16. h4 Rb8 17. h5 Nd7 18. hxg6 hxg6 19. Nd1 Nf6 20. Bh6 Rb4 21. Bxg7 Kxg7
22. Bxa6 Nxa6 23. Qc3 Rh8 24. Nd2 Qd7 25. b3 Qg4 26. Re3 Qf4 27. Rg3 Rd4 28.
Ne3 Nb4 29. Nf5+ Kf8 30. Nxd4 cxd4 31. Qc1 Ng4 32. Qc8+ Kg7 33. Qxg4 Qxd2 34.
Rd1 Qb2 35. Qg5 d3 36. Qe3 Qxb3 37. Qd4+ f6 38. Rf1 Qxa4 39. Rxd3 Qb5 40. Rg3
Rh5 41. Qd1 Kf7 42. Qg4 1-0

[Event "29.Schlosspark-Open"]
[Site "Wiesbaden-Biebrich"]
[Date "2017.08.26"]
[Round "5.12"]
[White "Malzahn, Sven"]
[Black "Chandler, Patrick"]
[Result "1-0"]
[WhiteElo "2052"]
[BlackElo "2211"]
[PlyCount "63"]
[EventDate "2017.??.??"]
[WhiteTeam "TuS Dotzheim"]
[BlackTeam "SC Nied"]

1. c4 e5 2. Nc3 Nc6 3. Nf3 d6 4. d4 Bg4 5. dxe5 dxe5 6. Qa4 f6 7. Bd2 Bd7 8.
Qd1 Nge7 9. g3 Nf5 10. Bg2 g6 11. e3 Bg7 12. Qe2 O-O 13. O-O Qe8 14. Nd5 Rc8
15. Bc3 Nd6 16. Nd2 f5 17. c5 Nf7 18. b4 Ncd8 19. Bb2 Bb5 20. Nc4 Qe6 21. e4 c6
22. Nde3 f4 23. gxf4 exf4 24. Bxg7 Kxg7 25. Ng4 g5 26. Qb2+ Kg6 27. Nce5+ Nxe5
28. Nxe5+ Kh6 29. Rfd1 Nf7 30. Nxf7+ Qxf7 31. Rd6+ Kh5 32. Bf3+ 1-0

[Event "29.Schlosspark-Open"]
[Site "Wiesbaden-Biebrich"]
[Date "2017.08.26"]
[Round "5.13"]
[White "Frey, Thomas"]
[Black "HermannsdÃ¶rfer, Frank"]
[Result "1-0"]
[WhiteElo "2050"]
[BlackElo "2180"]
[PlyCount "81"]
[EventDate "2017.??.??"]
[WhiteTeam "SV Reutlingen"]
[BlackTeam "SV Liebschwitz"]

1. c4 d6 2. d4 e5 3. dxe5 dxe5 4. Qxd8+ Kxd8 5. Nc3 Be6 6. b3 c6 7. Bb2 Nd7 8.
g3 f6 9. Bh3 Bxh3 10. Nxh3 Nh6 11. O-O-O Kc7 12. f3 Be7 13. Rhe1 Nf5 14. Ne4
Bb4 15. Rg1 a5 16. g4 Nh4 17. Nhf2 Be7 18. Nd3 g5 19. Rdf1 h5 20. h3 hxg4 21.
hxg4 Ng6 22. Rg2 Rh3 23. e3 Rah8 24. Kd2 Rh2 25. Re2 Rh1 26. Rxh1 Rxh1 27. Rf2
b5 28. cxb5 cxb5 29. Ke2 Nb6 30. f4 gxf4 31. exf4 exf4 32. Bxf6 Rb1 33. Nc3 Rg1
34. Nxb5+ Kc6 35. Nd4+ Kd5 36. Bxe7 Rxg4 37. Bc5 Nd7 38. Ba7 Nde5 39. Nf3 Nxd3
40. Kxd3 Rg3 41. Bb8 1-0

[Event "29.Schlosspark-Open"]
[Site "Wiesbaden-Biebrich"]
[Date "2017.08.26"]
[Round "5.14"]
[White "Klein, Joachim"]
[Black "Müller, Lutz"]
[Result "1/2-1/2"]
[WhiteElo "2170"]
[BlackElo "2042"]
[PlyCount "56"]
[EventDate "2017.??.??"]
[WhiteTeam "SC Illingen"]
[BlackTeam "SC Bad Königshofen"]

1. e4 g6 2. d4 Bg7 3. Nc3 d6 4. Be3 Nf6 5. f3 O-O 6. Qd2 e5 7. d5 Nh5 8. g4 Nf4
9. Nge2 Nxe2 10. Bxe2 f5 11. gxf5 gxf5 12. O-O-O f4 13. Bf2 Bh3 14. Bf1 Qd7 15.
Qe1 Rf6 16. Kb1 Rg6 17. Rg1 Kf7 18. Ne2 a5 19. Nc1 b5 20. Nd3 Bf6 21. Rc1 Rh6
22. Be2 c5 23. dxc6 Nxc6 24. c4 bxc4 25. Rxc4 Be6 26. Rc2 Nb4 27. Nxb4 axb4 28.
b3 Be7 1/2-1/2

[Event "29.Schlosspark-Open"]
[Site "Wiesbaden-Biebrich"]
[Date "2017.08.26"]
[Round "5.15"]
[White "Friesen, Viktor"]
[Black "Waffenschmidt, Joachim"]
[Result "1-0"]
[WhiteElo "2167"]
[BlackElo "2015"]
[PlyCount "71"]
[EventDate "2017.??.??"]
[WhiteTeam "SC Porta Westfalica"]
[BlackTeam "SC Brett vorm Kopp"]

1. Nf3 d5 2. g3 Nf6 3. Bg2 e6 4. O-O Be7 5. d4 O-O 6. c4 c6 7. Nc3 Nbd7 8. b3
b6 9. Bb2 Bb7 10. Qd3 c5 11. Rfd1 dxc4 12. Qxc4 Rc8 13. dxc5 Bxc5 14. Qf4 Qe7
15. Nb5 a6 16. Nd6 Bxd6 17. Qxd6 Qd8 18. Ne5 Bxg2 19. Kxg2 Nxe5 20. Qxe5 Qe7
21. Rd2 Rc5 22. Qf4 Rf5 23. Qh4 Rh5 24. Qc4 b5 25. Qc6 Qb4 26. Rd4 Qc5 27. Qxc5
Rxc5 28. Ba3 Rd5 29. Rxd5 Nxd5 30. Bxf8 Kxf8 31. Rc1 Ke7 32. e4 Nb4 33. a3 Nd3
34. Rc6 a5 35. Rc3 Nb2 36. Rc5 1-0

[Event "29.Schlosspark-Open"]
[Site "Wiesbaden-Biebrich"]
[Date "2017.08.26"]
[Round "5.16"]
[White "Werner, Dimo"]
[Black "Hoppe, Thilo"]
[Result "0-1"]
[WhiteElo "2033"]
[BlackElo "2084"]
[PlyCount "140"]
[EventDate "2017.??.??"]
[WhiteTeam "TSV Schott Mainz"]
[BlackTeam "SC Bonn Beuel"]

1. d4 Nf6 2. Nf3 g6 3. c4 Bg7 4. Nc3 O-O 5. g3 d6 6. Bg2 Nc6 7. O-O a6 8. b3
Rb8 9. Bb2 Bd7 10. d5 Na5 11. Nd4 c5 12. dxc6 bxc6 13. Qd2 Qc7 14. Rac1 Rfd8
15. Ba1 Nb7 16. Ne4 Nxe4 17. Bxe4 e5 18. Nc2 Nc5 19. Bg2 Be6 20. Bc3 Nb7 21.
Nb4 Ra8 22. Nxc6 Re8 23. Nb4 a5 24. Nd5 Qd8 25. Rfd1 Ra6 26. Nf4 Bc8 27. Nd5
Be6 28. Bb2 Qb8 29. Ba3 Nc5 30. Qe3 Qc8 31. Nc3 h5 32. Nb5 Bf8 33. Bd5 Kh7 34.
Qf3 e4 35. Qc3 Bg7 36. Qc2 e3 37. Bxe6 exf2+ 38. Kxf2 Rxe6 39. Nd4 Re5 40. Nf3
Re7 41. Bb2 Bxb2 42. Qxb2 Kg8 43. Kg2 Qe6 44. Rc2 Ne4 45. Qd4 Ra8 46. Qd5 Qc8
47. Rd4 Qe8 48. Ng5 Nxg5 49. Qxg5 Rxe2+ 50. Rxe2 Qxe2+ 51. Kg1 Qe1+ 52. Kg2 Re8
53. Rd2 Re2+ 54. Rxe2 Qxe2+ 55. Kg1 Qxa2 56. Qd8+ Kg7 57. Qxd6 Qxb3 58. Qe5+
Kh7 59. Qxa5 Qxc4 60. Qd2 h4 61. Qf2 h3 62. Qf1 Qxf1+ 63. Kxf1 Kh6 64. Kf2 Kg5
65. Kf3 f5 66. Ke3 Kg4 67. Kf2 g5 68. Ke3 Kh5 69. Kd4 f4 70. gxf4 g4 0-1

[Event "29.Schlosspark-Open"]
[Site "Wiesbaden-Biebrich"]
[Date "2017.08.26"]
[Round "5.17"]
[White "Gentner, Markus"]
[Black "Neukirchner, Pascal"]
[Result "1/2-1/2"]
[WhiteElo "2010"]
[BlackElo "2142"]
[PlyCount "112"]
[EventDate "2017.??.??"]
[WhiteTeam "SC Murrhardt"]
[BlackTeam "SK GrÃ¼ndau"]

1. Nf3 c5 2. c4 g6 3. d4 cxd4 4. Nxd4 Nf6 5. Nc3 Nc6 6. e4 Bg7 7. Be3 O-O 8.
Be2 d6 9. f3 Bd7 10. Qd2 Nxd4 11. Bxd4 a5 12. O-O Bc6 13. b3 Nd7 14. Bxg7 Kxg7
15. Qd4+ Kg8 16. a3 Nc5 17. Rab1 e5 18. Qe3 Ne6 19. Bd3 f5 20. Ne2 Qg5 21. Qxg5
Nxg5 22. Nc3 Kg7 23. Bc2 Ne6 24. Rfd1 Nd4 25. Rd2 Kf6 26. Kf2 Ke6 27. Ke3 Rf7
28. Ne2 Nxe2 29. Kxe2 fxe4 30. fxe4 Raf8 31. Ke3 Rf1 32. Rbd1 Rxd1 33. Rxd1 Ke7
34. Bd3 Bd7 35. Rc1 b6 36. Rc2 Be6 37. Rd2 h6 38. Rc2 Rc8 39. Kd2 Kd7 40. Ke3
Rf8 41. Rc1 Kc6 42. Be2 h5 43. Rb1 Bg4 44. Bd3 h4 45. h3 Bh5 46. b4 axb4 47.
axb4 Ra8 48. Rb2 Ra3 49. Kd2 Kd7 50. Kc2 Ke7 51. Kd2 Kf6 52. Ke3 Kg5 53. Rc2
Bd1 54. Rc1 Bh5 55. c5 dxc5 56. bxc5 bxc5 1/2-1/2

[Event "29.Schlosspark-Open"]
[Site "Wiesbaden-Biebrich"]
[Date "2017.08.26"]
[Round "5.18"]
[White "Engel, Berthold"]
[Black "KÃ¶llner, Aaron Noah"]
[Result "1-0"]
[WhiteElo "2177"]
[BlackElo "1894"]
[PlyCount "121"]
[EventDate "2017.??.??"]
[WhiteTeam "BG Buchen"]
[BlackTeam "SV Bergneustadt/Derschlag"]

1. e4 c5 2. Nf3 e6 3. c3 d5 4. Bb5+ Nc6 5. Bxc6+ bxc6 6. Qa4 Qc7 7. O-O Bd7 8.
d3 Rb8 9. Qc2 Bd6 10. Re1 Qb7 11. c4 Ne7 12. Nc3 O-O 13. Na4 Ng6 14. b3 Qc7 15.
Bb2 a5 16. Rac1 Rfc8 17. Ba3 Qa7 18. d4 dxe4 19. Qxe4 Re8 20. Bxc5 Bxc5 21.
Nxc5 Rbd8 22. Qe3 Bc8 23. Ne5 Qb6 24. Rcd1 Ne7 25. Na4 Qc7 26. Nf3 Nf5 27. Qe5
Qa7 28. Qc5 Qc7 29. Qe5 Qa7 30. h3 f6 31. Qe4 Qc7 32. c5 Ne7 33. Nd2 Nd5 34.
Nc4 Ne7 35. a3 Nd5 36. Nd6 Re7 37. Qd3 Rxd6 38. cxd6 Qxd6 39. Nc5 Nc7 40. a4
Nd5 41. Qd2 Nb4 42. Qc3 Kf7 43. Rd2 Qd5 44. Rc1 Ra7 45. Nd3 Nxd3 46. Qxd3 Rb7
47. Rc5 Qxb3 48. Qxb3 Rxb3 49. Rxa5 Rb1+ 50. Kh2 Ke7 51. Kg3 Rb3+ 52. f3 Rb4
53. Ra7+ Bd7 54. a5 Ra4 55. Kf2 g5 56. Ke3 h5 57. Rb2 Kd6 58. Rbb7 Ra3+ 59. Kf2
Be8 60. Rb8 Bg6 61. Rd8# 1-0

[Event "29.Schlosspark-Open"]
[Site "Wiesbaden-Biebrich"]
[Date "2017.08.26"]
[Round "5.19"]
[White "Poghosyan, Tigran"]
[Black "Pauls, Wilhelm"]
[Result "0-1"]
[PlyCount "34"]
[WhiteElo "2192"]
[BlackElo "1993"]
[WhiteTeam "Lübecker SV"]
[BlackTeam "SG Kaarst"]

1. d4 Nf6 2. Nc3 d5 3. Bg5 Nbd7 4. Qd3 c6 5. O-O-O b5 6. f3 b4 7. Nb1 Qa5 8. a3
Ba6 9. Qd2 e6 10. b3 Qb6 11. a4 c5 12. e4 c4 13. Qe2 Rc8 14. Nd2 cxb3 15. Qxa6
Rxc2+ 16. Kb1 Qxd4 17. Bxf6 gxf6 0-1

[Event "29.Schlosspark-Open"]
[Site "Wiesbaden-Biebrich"]
[Date "2017.08.26"]
[Round "5.20"]
[White "Reitz, Philipp"]
[Black "KÃ¶llner, Ruben Gideon"]
[Result "1/2-1/2"]
[WhiteElo "1978"]
[BlackElo "2176"]
[PlyCount "99"]
[EventDate "2017.??.??"]
[WhiteTeam "VfR-SC Koblenz"]
[BlackTeam "SG Bochum"]

1. d4 d6 2. e4 Nf6 3. Nc3 e5 4. dxe5 dxe5 5. Qxd8+ Kxd8 6. Nf3 Bd6 7. Bc4 Be6
8. Bxe6 fxe6 9. Bg5 Ke7 10. Nb5 a6 11. Nxd6 cxd6 12. O-O h6 13. Bxf6+ gxf6 14.
Rad1 Nd7 15. Nh4 Rhg8 16. f3 b5 17. Rf2 Nc5 18. Rfd2 Nb7 19. c3 Rac8 20. Kf2
Rc6 21. g4 a5 22. Ng2 Ra8 23. Ne3 Nc5 24. Kg3 b4 25. c4 b3 26. a3 Rac8 27. Kh4
Nd7 28. Kh5 a4 29. Rc1 Nb6 30. Rcd1 R8c7 31. h4 Nxc4 32. Nxc4 Rxc4 33. Rxd6 Rc2
34. Rd8 Rxb2 35. Rh8 Rbc2 36. Kg6 R2c3 37. Rdd8 Rd7 38. Rhe8+ Kd6 39. Rb8 Rxf3
40. Rb6+ Kc7 41. Rexe6 Rf4 42. Rec6+ Kd8 43. Rc4 Ke7 44. g5 fxg5 45. hxg5 hxg5
46. Kxg5 Rd2 47. Rb7+ Kd6 48. Rb6+ Kd7 49. Rb7+ Kd6 50. Rb6+ 1/2-1/2

[Event "29.Schlosspark-Open"]
[Site "Wiesbaden-Biebrich"]
[Date "2017.08.26"]
[Round "5.21"]
[White "Kalepky, Helmut"]
[Black "Everett, Elijah"]
[Result "0-1"]
[WhiteElo "1971"]
[BlackElo "2168"]
[PlyCount "77"]
[EventDate "2017.??.??"]
[WhiteTeam "SF Heidesheim"]
[BlackTeam "SF SchÃ¶neck"]

1. e4 c5 2. Nf3 d6 3. d4 cxd4 4. Nxd4 Nf6 5. f3 e5 6. Nb3 d5 7. exd5 Qxd5 8.
Bd3 Nc6 9. Nc3 Qd8 10. Qe2 Be7 11. O-O O-O 12. Kh1 a6 13. Be3 Nb4 14. Be4 Nxe4
15. fxe4 Be6 16. Nc5 Qc8 17. Nxe6 Qxe6 18. a3 Nc6 19. Nd5 Bd6 20. c3 b5 21.
Rad1 Na5 22. Qh5 f6 23. Rf3 Rf7 24. Rdf1 Raf8 25. Rh3 g6 26. Qe2 f5 27. Bh6 Re8
28. Rhf3 f4 29. Bg5 Nc4 30. Rd3 Bf8 31. Bh4 Kg7 32. Be1 Bc5 33. Bf2 Bxf2 34.
Rxf2 Rd7 35. Rf1 Rb8 36. Rfd1 h5 37. h3 Kh6 38. Qc2 g5 39. Qc1 $138 0-1

[Event "29.Schlosspark-Open"]
[Site "Wiesbaden-Biebrich"]
[Date "2017.08.26"]
[Round "5.22"]
[White "Zilberman, Polina"]
[Black "Junker, Christian"]
[Result "1-0"]
[WhiteElo "2149"]
[BlackElo "1959"]
[PlyCount "97"]
[EventDate "2017.??.??"]
[WhiteTeam "SC Rohrbach-Boxberg"]
[BlackTeam "SV Neu-Isenburg"]

1. d4 f5 2. Nf3 Nf6 3. g3 e6 4. Bg2 Be7 5. O-O d5 6. b3 Ne4 7. Bb2 O-O 8. c4 c6
9. Ne5 Nd6 10. Nd2 a5 11. Qc2 Na6 12. a3 Nf7 13. Nxf7 Rxf7 14. Nf3 Bf6 15. Ne5
Rf8 16. Rad1 Bd7 17. f3 Bxe5 18. dxe5 f4 19. e3 fxe3 20. f4 g6 21. Rfe1 Rc8 22.
Kh1 b5 23. Rxe3 Qb6 24. Re2 Rb8 25. cxd5 cxd5 26. Bd4 Qb7 27. Qd2 b4 28. a4
Rbc8 29. Qe3 Rc6 30. h4 Rfc8 31. f5 Rc2 32. Rxc2 Rxc2 33. fxg6 Be8 34. gxh7+
Kxh7 35. Rf1 Qg7 36. Rf6 Nc7 37. g4 Rxg2 38. Kxg2 Qxg4+ 39. Kh2 Bg6 40. Qg5
Qe2+ 41. Bf2 Qh5 42. Qxh5+ Bxh5 43. Bb6 Ne8 44. Rxe6 Ng7 45. Rd6 Bd1 46. Rxd5
Bxb3 47. Rxa5 Bc2 48. Rb5 b3 49. a5 1-0

[Event "29.Schlosspark-Open"]
[Site "Wiesbaden-Biebrich"]
[Date "2017.08.26"]
[Round "5.23"]
[White "Zimmer, Gerald"]
[Black "Carow, Annelen"]
[Result "1/2-1/2"]
[WhiteElo "1963"]
[BlackElo "2120"]
[PlyCount "46"]
[EventDate "2017.??.??"]
[WhiteTeam "SC Bergen-Enkheim"]
[BlackTeam "SF Heidesheim"]

1. d4 Nf6 2. Nf3 e6 3. c4 b6 4. g3 Ba6 5. Qc2 Bb7 6. Nc3 c5 7. dxc5 Bxc5 8. Bg2
O-O 9. O-O Nc6 10. Bg5 h6 11. Bf4 Nh5 12. Bd2 Rc8 13. Rad1 Qc7 14. Qc1 f5 15.
Bxh6 gxh6 16. Qxh6 Nf6 17. Qg6+ Kh8 18. Ng5 Ne5 19. Qh6+ Kg8 20. Nb5 Qb8 21.
Rxd7 Nexd7 22. Qg6+ Kh8 23. Qh6+ Kg8 1/2-1/2